<?xml version="1.0" encoding="UTF-8"?>
<record
    xmlns:xsi="http://www.w3.org/2001/XMLSchema-instance"
    xsi:schemaLocation="http://www.loc.gov/MARC21/slim http://www.loc.gov/standards/marcxml/schema/MARC21slim.xsd"
    xmlns="http://www.loc.gov/MARC21/slim">

  <leader>02387cam a2200493   4500</leader>
  <controlfield tag="001">29933</controlfield>
  <controlfield tag="003">BD-RjUL</controlfield>
  <controlfield tag="005">20211209051502.0</controlfield>
  <controlfield tag="008">140708s1960    nbuar         1 1 a0eng d</controlfield>
  <datafield tag="030" ind1=" " ind2=" ">
    <subfield code="a">NSMPB3</subfield>
  </datafield>
  <datafield tag="035" ind1=" " ind2=" ">
    <subfield code="a">BD-RjUL)30018</subfield>
  </datafield>
  <datafield tag="040" ind1=" " ind2=" ">
    <subfield code="a">NSDP</subfield>
    <subfield code="b">eng</subfield>
    <subfield code="c">NSDP</subfield>
    <subfield code="d">DLC</subfield>
    <subfield code="d">NSDP</subfield>
    <subfield code="d">MH</subfield>
    <subfield code="d">DLC</subfield>
    <subfield code="d">TxU</subfield>
    <subfield code="d">OCoLC</subfield>
    <subfield code="d">AIP</subfield>
    <subfield code="d">NSDP</subfield>
    <subfield code="d">AIP</subfield>
    <subfield code="d">InU</subfield>
    <subfield code="d">DLC</subfield>
    <subfield code="d">MH</subfield>
    <subfield code="d">NST</subfield>
    <subfield code="d">MH</subfield>
    <subfield code="d">MiU</subfield>
    <subfield code="d">InU</subfield>
    <subfield code="d">MH</subfield>
    <subfield code="d">OCoLC</subfield>
    <subfield code="d">DNLM</subfield>
    <subfield code="d">InU</subfield>
    <subfield code="d">OCoLC</subfield>
    <subfield code="d">DLC</subfield>
    <subfield code="d">NLGGC</subfield>
    <subfield code="d">InU</subfield>
    <subfield code="d">CaQQL</subfield>
    <subfield code="d">CU-S</subfield>
    <subfield code="d">OCoLC</subfield>
    <subfield code="d">HEBIS</subfield>
    <subfield code="d">DE-MnBSB</subfield>
    <subfield code="d">GBVCP</subfield>
    <subfield code="d">WaU</subfield>
    <subfield code="d">UKMGB</subfield>
    <subfield code="d">OCoLC</subfield>
    <subfield code="d">NbSeT</subfield>
    <subfield code="d">BD-RjUL</subfield>
  </datafield>
  <datafield tag="041" ind1=" " ind2=" ">
    <subfield code="a">eng</subfield>
  </datafield>
  <datafield tag="060" ind1="0" ind2="0">
    <subfield code="a">W3</subfield>
    <subfield code="b">NE16</subfield>
  </datafield>
  <datafield tag="082" ind1="0" ind2="4">
    <subfield code="a">159.4082</subfield>
    <subfield code="b">NEB V-8 1960</subfield>
  </datafield>
  <datafield tag="111" ind1="2" ind2=" ">
    <subfield code="a">Nebraska Symposium on Motivation.</subfield>
    <subfield code="9">103127</subfield>
  </datafield>
  <datafield tag="245" ind1="1" ind2="0">
    <subfield code="a">Nebraska Symposium on Motivation /</subfield>
    <subfield code="c">Ed. Marshall R. Jones</subfield>
    <subfield code="n">Volume VIII</subfield>
  </datafield>
  <datafield tag="246" ind1="1" ind2="3">
    <subfield code="a">Current theory and research in motivation</subfield>
  </datafield>
  <datafield tag="260" ind1=" " ind2=" ">
    <subfield code="a">[Lincoln, Neb.]</subfield>
    <subfield code="b">University of Nebraska Press.</subfield>
  </datafield>
  <datafield tag="260" ind1="3" ind2=" ">
    <subfield code="a">Lincoln :</subfield>
    <subfield code="b">University of Nebraska Pres, </subfield>
    <subfield code="c">1960.</subfield>
  </datafield>
  <datafield tag="300" ind1=" " ind2=" ">
    <subfield code="a">268 p.  :</subfield>
    <subfield code="b">ill.</subfield>
    <subfield code="c">23 cm.</subfield>
  </datafield>
  <datafield tag="490" ind1=" " ind2="0">
    <subfield code="a">The Series in Current Theoty and Research in Motivation</subfield>
  </datafield>
  <datafield tag="500" ind1=" " ind2=" ">
    <subfield code="a">Some issues have also a distinctive title.</subfield>
  </datafield>
  <datafield tag="550" ind1=" " ind2=" ">
    <subfield code="a">Symposia for 1954- sponsored by the Dept. of Psychology of the University of Nebraska.</subfield>
  </datafield>
  <datafield tag="650" ind1=" " ind2="0">
    <subfield code="a">Motivation (Psychology)</subfield>
    <subfield code="v">Congresses.</subfield>
    <subfield code="9">91073</subfield>
  </datafield>
  <datafield tag="650" ind1=" " ind2="2">
    <subfield code="a">Motivation</subfield>
    <subfield code="v">Congresses.</subfield>
    <subfield code="9">91074</subfield>
  </datafield>
  <datafield tag="650" ind1=" " ind2="6">
    <subfield code="a">Motivation (Psychologie)</subfield>
    <subfield code="v">Congr&#xE8;s.</subfield>
    <subfield code="9">91075</subfield>
  </datafield>
  <datafield tag="650" ind1="1" ind2="7">
    <subfield code="a">Motivatie.</subfield>
    <subfield code="2">gtt</subfield>
    <subfield code="9">91076</subfield>
  </datafield>
  <datafield tag="650" ind1="0" ind2="7">
    <subfield code="a">Motivation.</subfield>
    <subfield code="2">swd</subfield>
    <subfield code="9">91077</subfield>
  </datafield>
  <datafield tag="650" ind1="0" ind2="7">
    <subfield code="a">Aufsatzsammlung.</subfield>
    <subfield code="2">swd</subfield>
    <subfield code="9">21460</subfield>
  </datafield>
  <datafield tag="700" ind1="1" ind2=" ">
    <subfield code="a"> Jones  Marshall R.</subfield>
    <subfield code="9">91078</subfield>
  </datafield>
  <datafield tag="710" ind1="2" ind2=" ">
    <subfield code="a">University of Nebraska (Lincoln campus).</subfield>
    <subfield code="b">Department of Psychology.</subfield>
    <subfield code="9">91079</subfield>
  </datafield>
  <datafield tag="776" ind1="0" ind2="8">
    <subfield code="i">Online version: Nebraska Symposium on Motivation.</subfield>
    <subfield code="t">Nebraska Symposium on Motivation</subfield>
    <subfield code="x">0146-7875</subfield>
    <subfield code="w">(DLC)   53011655</subfield>
    <subfield code="w">(OCoLC)58648997</subfield>
  </datafield>
  <datafield tag="776" ind1="0" ind2="8">
    <subfield code="i">Online version:</subfield>
    <subfield code="a">Nebraska Symposium on Motivation.</subfield>
    <subfield code="t">Nebraska Symposium on Motivation</subfield>
    <subfield code="w">(OCoLC)604156538</subfield>
  </datafield>
  <datafield tag="780" ind1="0" ind2="0">
    <subfield code="a">Current Theory and Research in Motivation (Symposium).</subfield>
    <subfield code="t">Current theory and research in motivation, a symposium</subfield>
    <subfield code="x">0070-2099</subfield>
    <subfield code="w">(DLC)sf 82004059</subfield>
    <subfield code="w">(OCoLC)2260043</subfield>
  </datafield>
  <datafield tag="936" ind1=" " ind2=" ">
    <subfield code="a">2003</subfield>
    <subfield code="a">1954</subfield>
  </datafield>
  <datafield tag="942" ind1=" " ind2=" ">
    <subfield code="2">ddc</subfield>
    <subfield code="c">BK</subfield>
  </datafield>
  <datafield tag="999" ind1=" " ind2=" ">
    <subfield code="c">29933</subfield>
    <subfield code="d">29933</subfield>
  </datafield>
  <datafield tag="952" ind1=" " ind2=" ">
    <subfield code="0">0</subfield>
    <subfield code="1">0</subfield>
    <subfield code="2">ddc</subfield>
    <subfield code="4">0</subfield>
    <subfield code="7">2</subfield>
    <subfield code="8">NFIC</subfield>
    <subfield code="a">RUCL</subfield>
    <subfield code="b">RUCL</subfield>
    <subfield code="c">Reading</subfield>
    <subfield code="d">1964-07-11</subfield>
    <subfield code="e">Zitlinger</subfield>
    <subfield code="g">258.00</subfield>
    <subfield code="l">0</subfield>
    <subfield code="o">159.4082 NEB V-8 1960</subfield>
    <subfield code="r">2014-04-08 00:00:00</subfield>
    <subfield code="t">C-1</subfield>
    <subfield code="w">2014-04-08</subfield>
    <subfield code="y">BK</subfield>
  </datafield>
</record>
